| 000 | 01674nam0a2200361 4500 | ||
|---|---|---|---|
| 001 | RU\NLR\bibl\1942212 | ||
| 005 | 20250616203316.0 | ||
| 010 |
_a978-966-660-510-1 _9300 |
||
| 035 | _a(NLR Aleph) 001931476 | ||
| 090 |
_a3441710 _c3441711 |
||
| 100 | _a20120906d2009 |||y0rusy50 ca | ||
| 101 | 0 |
_aukr _deng |
|
| 102 | _aRU | ||
| 105 | _aa ||||||||| | ||
| 200 | 1 |
_aФункцiональна модель особистостi: пошуки полiтикокуоьтурних детермiнант поведiнки _fВ.П. Бех, Є.О. Шалiмова |
|
| 210 |
_aКиïв _cВид-во НПУ _d2009 |
||
| 215 |
_a254 с. _cил. _d21 |
||
| 300 | _aНа 4-й с. обл. 1-й авт.: Бех В.П., д.филос.н., к.социол.н., проф., акад. Укр. акад. полит. наук, засл. деят. науки и техники Украины | ||
| 300 | _aНа тит. л.: До 175-рiччя Нац. пед. ун-ту iм. М.П. Драгоманова | ||
| 300 | _aРез. на англ. яз. | ||
| 320 | _aБиблиогр.: с. 237-254 (354 назв.) и в подстроч. прим. | ||
| 320 | _aДр. произведения 1-го авт. на 4-й с. обл. | ||
| 606 | 1 |
_aЛичность _xПолитическая культура _91530857 _3RU\NLR\auth\66666549 |
|
| 686 | _aС550.35 | ||
| 686 | _aС550.511 | ||
| 700 | 1 |
_aБех _bВ. П. _gВолодимир Павлович _4070 |
|
| 701 | 1 |
_aШалiмова _bЄ. О. _gЄвгенiя Олегiвна _4070 |
|
| 801 | 0 |
_aRU _bNLR _c20120906 _gRCR |
|
| 801 | 1 |
_aRU _bNLR _c20120906 |
|
| 830 | _aавт. по кн. | ||
| 942 | _cBOOK | ||
| 980 | _aNB | ||